Ecología de mercado / (Registro nro. 4295)

Detalles MARC
000 -CABECERA
Campo de control 01249cam a2200325 i 4500
005 - FECHA Y HORA DE LA ULTIMA TRANSACCION
Campo de control 20200104041548.0
008 - ELEMENTOS DE LONGITUD FIJA—INFORMACION GENERAL
Campo de control 070216t 1993sp a rb 001 0 spa d
015 ## - NATIONAL BIBLIOGRAPHY NUMBER
National bibliography number NNN
020 ## - ISBN
ISBN 8472092666
040 ## - FUENTE DE CATALOGACIÓN
Agencia catalogadora original CO-BoPUJ
Agencia transcriptora CO-BoIAVH
Agencia Modificadora CO-BoIAVH
041 1# - IDIOMA
Código de idioma para texto/pista de sonido o título separado Español
Código de idioma de la versión original y/o traducciones intermedias del texto Inglés
043 ## - GEOGRAPHIC AREA CODE
Geographic area code n-us---
044 ## - PAÍS DE PUBLICACIÓN
País de publicación España
082 04 - NUMERO DE CLASIFICACION DECIMAL DEWEY
Número de clasificación 333.716
Número del ítem A54e
100 1# - ASIENTO PRINCIPAL--NOMBRE PERSONAL
Nombre personal Anderson, Terry Lee
Fechas asociadas con el nombre 1946-
9 (RLIN) 54571
245 10 - MENCION DE TITULO
Título Ecología de mercado /
Mención de responsabilidad Terry Lee Anderson y Donald R. Leal ; traducción de Sonia Villanueva de Azcona.
260 ## - PUBLICACION, DISTRIBUCION, ETC. (PIE DE IMPRENTA)
Lugar de publicación, distribución, etc. Madrid, España :
Nombre del editor, distribuidor, etc. Unión Editorial,
Fecha de publicación, distribución, etc. c1993.
300 ## - DESCRIPCION FISICA
Extensión 269, [1] páginas :
Otros detalles físicos ilustraciones
Dimensiones 23 cm.
490 00 - MENCION DE SERIE
Mención de serie Nueva biblioteca de la libertad ;
Designación numérica/secuencial del volumen 3
504 ## - NOTA DE BIBLIOGRAFIA, ETC.
Nota de bibliografía Incluye referencias bibliográficas e índice.
534 ## - NOTA DE VERSION ORIGINAL
Título del original Free market environmentalism today.
650 14 - ASIENTO SECUNDARIO DE MATERIA - TERMINO TEMATICO
Término temático o nombre geográfico como elemento de entrada Política ambiental
Subdivisión geográfica Estados Unidos
9 (RLIN) 54572
650 24 - ASIENTO SECUNDARIO DE MATERIA - TERMINO TEMATICO
Término temático o nombre geográfico como elemento de entrada Libre empresa
Subdivisión geográfica Estados Unidos
9 (RLIN) 54573
650 24 - ASIENTO SECUNDARIO DE MATERIA - TERMINO TEMATICO
Término temático o nombre geográfico como elemento de entrada Administración de los recursos naturales
Subdivisión geográfica Estados Unidos
9 (RLIN) 54574
650 24 - ASIENTO SECUNDARIO DE MATERIA - TERMINO TEMATICO
Término temático o nombre geográfico como elemento de entrada Protección del medio ambiente
9 (RLIN) 271
650 24 - ASIENTO SECUNDARIO DE MATERIA - TERMINO TEMATICO
Término temático o nombre geográfico como elemento de entrada Política económica
Subdivisión general Aspectos ambientales.
9 (RLIN) 54576
700 1# - ASIENTO SECUNDARIO - NOMBRE PERSONAL
Nombre personal Leal, Donald R.,
Fechas asociadas con el nombre 1948-,
Término de relación autor.
9 (RLIN) 54577
700 1# - ASIENTO SECUNDARIO - NOMBRE PERSONAL
Nombre personal Villanueva de Azcona, Sonia,
Término de relación traductora.
9 (RLIN) 54578
942 ## - ELEMENTOS ADICIONALES (KOHA)
Sistema de clasificación Dewey Decimal Classification
Tipo de ítem Libro
Existencias
Withdrawn status Lost status Sistema de Clasificación Damaged status No para préstamo Colección Inventariado Ubicación Permanente Ubicación actual Fecha de adquisición Fuente de Valor Valor Total Checkouts Número topográfico Inventario / Código de Barras Date last seen Ejemplar Price effective from Forma de adquisición Tipo de material
    Dewey Decimal Classification     General Inventariado 2017 Bogotá Bogotá 24/01/2005 Instituto 39000.00   LB-333.716 A54e 017016 04/12/2012 Ej. 1 04/12/2012   Libro